CUE! 全楽曲 - Statistics

General Stats
  • This quiz has been taken 23 times
  • The average score is 25 of 47
Answer Stats
アーティスト名 曲名 % Correct
AiRBLUE はじまりの鐘の音が鳴り響く空
70%
AiRBLUE beautiful tomorrow
70%
AiRBLUE さよならレディーメイド
60%
AiRBLUE 私たちはまだその春を知らない
60%
AiRBLUE 最高の魔法
60%
AiRBLUE 白い沿線
60%
AiRBLUE ミライキャンバス
60%
AiRBLUE 雫の結晶
60%
AiRBLUE スタートライン
60%
Bird ドリ☆アピ
60%
Bird ハミングバード
60%
Wind ぐっばいおぶじぇくしょん
60%
Moon ヒカリニ染マル未来
60%
AiRBLUE Colorful
60%
Flower Field of Flowers
60%
AiRBLUE Forever Friends
60%
LUNΛ ω rabbits LUNΛ Labyrinth
60%
Flower One More Step!
60%
AiRBLUE our song
60%
Bird Override!
60%
AiRBLUE Radio is a Friend!
60%
Moon Reach For The World!
60%
Flower Red or Blue?
60%
AiRBLUE Road to Forever
60%
AiRBLUE カレイドスコープ
50%
AiRBLUE マイサスティナー
50%
AiRBLUE 空合ぼくらは追った
50%
AiRBLUE ゆめだより
50%
Flower 純情革命
50%
Bird にこにこワクワク 最高潮!
50%
Chun×4 イロドリハート
50%
凛音お姉さんと子供たち おつきさま
50%
AiRBLUE CUTE♡CUTE♡CUTE♡
50%
Wind Good meal, Good life
50%
Flower Knocking on My Dream!!
50%
Moon MiRAGE! MiRAGE!!
50%
Wind Steppin' Girl
50%
Wind キセキなSummer!
50%
AiRBLUE Tomorrow's Diary
50%
Chun×4 We Can Fly!!!!
50%
Moon Beast Blood Blend
40%
Moon Determination-声の架け橋-
40%
Meguli-華 HARU・NARU
40%
Bird Land"e"scape
40%
Wind NAZO-NAZE Jumping!
40%
夜峰美晴(CV.安齋由香里) The Voice
40%
Harmonia Whispers' Hope
30%
No matching quizzes found
Score Distribution
Percent of People with Each Score
Percentile by Number Answered
Your Score History
You have not taken this quiz